[Event "Wch U14"]
[Site "Montesilvano"]
[Date "2023.11.13"]
[Round "1"]
[White "Brattgjerd, Isak Vinh"]
[Black "Silva Arellano, Miguel Arturo"]
[Result "1-0"]
[WhiteElo "2235"]
[BlackElo "1684"]
[PlyCount "77"]
[EventDate "2023.11.13"]
[EventType "swiss"]
[EventRounds "11"]
[EventCountry "ITA"]
[SourceTitle "CB48_2023"]
[SourceDate "2023.11.29"]
[SourceVersion "1"]
[SourceVersionDate "2023.11.29"]
[SourceQuality "1"]

1. e4 e5 2. Nf3 Nc6 3. Bb5 a6 4. Ba4 Nf6 5. 0-0 Be7 6. Re1 b5 7. Bb3 0-0 8. a4 Bb7 9. d3 d6 10. c3 Na5 11. Bc2 c5 12. Nbd2 Re8 13. Nf1 Bf8 14. Ng3 g6 15. d4 Qb6 16. d5 b4 17. cxb4 cxb4 18. Be3 Qd8 19. Nd2 Rc8 20. Bd3 Nd7 21. Qe2 Ra8 22. Rec1 Nc5 23. Bxc5 dxc5 24. Ngf1 Qe7 25. Ne3 Bh6 26. Rc2 Bxe3 27. Qxe3 Rac8 28. Rac1 f5 29. exf5 Bxd5 30. Rxc5 Rc6 31. Nf1 Rec8 32. Rxa5 Rxc1 33. Rxd5 R8c5 34. f6 Qc7 35. Rxc5 Qxc5 36. Qh6 Kf7 37. Qg7+ Ke6 38. f7 e4 39. f8Q 1-0

[Event "Gothenburg Manhem"]
[Site "Gothenburg"]
[Date "2023.08.10"]
[Round "8"]
[White "Sorensen, Hampus"]
[Black "Brattgjerd, Isak Vinh"]
[Result "1/2-1/2"]
[WhiteElo "2475"]
[BlackElo "2214"]
[PlyCount "70"]
[EventDate "2023.08.05"]
[EventType "tourn"]
[EventRounds "9"]
[EventCountry "SWE"]
[EventCategory "2"]
[SourceTitle "CBM 215 Extra"]
[Source "ChessBase"]
[SourceDate "2023.09.30"]
[SourceVersion "1"]
[SourceVersionDate "2023.09.30"]
[SourceQuality "1"]

1. Nf3 d5 2. g3 Bg4 3. Bg2 Nd7 4. h3 Bxf3 5. Bxf3 Ngf6 6. d3 e5 7. 0-0 c6 8. e4 dxe4 9. dxe4 Bc5 10. a4 a5 11. Nd2 0-0 12. Nc4 Qc7 13. Qe1 Rfe8 14. Bg5 b6 15. c3 h6 16. Bd2 Rad8 17. Ne3 Nf8 18. Nf5 Ne6 19. Qc1 Bf8 20. Rd1 Nc5 21. Qc2 Rd7 22. Be3 Red8 23. Rxd7 Rxd7 24. b4 axb4 25. cxb4 Nd3 26. b5 Nb4 27. Qc4 c5 28. Bc1 g6 29. Nxh6+ Kh7 30. Ng4 Nxg4 31. Bxg4 Rd4 32. Qc3 Rd3 33. Qc4 Rd4 34. Qc3 Rd3 35. Qc4 Rd4 1/2-1/2

[Event "Gothenburg Manhem"]
[Site "Gothenburg"]
[Date "2023.08.08"]
[Round "5"]
[White "Olsson, William"]
[Black "Brattgjerd, Isak Vinh"]
[Result "1-0"]
[WhiteElo "2400"]
[BlackElo "2214"]
[PlyCount "65"]
[EventDate "2023.08.05"]
[EventType "tourn"]
[EventRounds "9"]
[EventCountry "SWE"]
[EventCategory "2"]
[SourceTitle "CBM 215 Extra"]
[Source "ChessBase"]
[SourceDate "2023.09.30"]
[SourceVersion "1"]
[SourceVersionDate "2023.09.30"]
[SourceQuality "1"]

1. c4 e5 2. g3 Nf6 3. Bg2 d5 4. cxd5 Nxd5 5. Nf3 Nc6 6. 0-0 Be6 7. d4 exd4 8. Nxd4 Nxd4 9. Qxd4 c6 10. Nc3 Qf6 11. Qa4 Nb6 12. Qc2 Be7 13. e4 0-0 14. b3 Rfd8 15. Be3 Nd7 16. Ne2 Ne5 17. h3 Nf3+ 18. Kh1 Bd6 19. Rad1 Be5 20. Qc5 Bc7 21. Rxd8+ Bxd8 22. Qh5 Ng5 23. f4 g6 24. Qh6 Nxe4 25. Bxe4 Qe7 26. f5 gxf5 27. Bg2 Bd5 28. Nd4 Bxg2+ 29. Kxg2 Qe4+ 30. Kh2 Bc7 31. Nxf5 Be5 32. Ne7+ Kh8 33. Rxf7 1-0

[Event "Gothenburg Manhem"]
[Site "Gothenburg"]
[Date "2023.08.06"]
[Round "3"]
[White "Karlsson, Stefan2222"]
[Black "Brattgjerd, Isak Vinh"]
[Result "0-1"]
[WhiteElo "1925"]
[BlackElo "2214"]
[PlyCount "108"]
[EventDate "2023.08.05"]
[EventType "tourn"]
[EventRounds "9"]
[EventCountry "SWE"]
[EventCategory "2"]
[SourceTitle "CBM 215 Extra"]
[Source "ChessBase"]
[SourceDate "2023.09.30"]
[SourceVersion "1"]
[SourceVersionDate "2023.09.30"]
[SourceQuality "1"]

1. e4 c6 2. d4 d5 3. e5 c5 4. dxc5 e6 5. a3 Bxc5 6. Qg4 Ne7 7. Nf3 Qb6 8. Bd3 Bxf2+ 9. Ke2 Nbc6 10. Rf1 Nd4+ 11. Nxd4 Qxd4 12. Qf3 Bh4 13. Qxf7+ Kd7 14. Bf4 g5 15. c3 Qa4 16. b3 Qc6 17. Bd2 b6 18. a4 a6 19. g3 Bb7 20. gxh4 Rhf8 21. Qxf8 Rxf8 22. Rxf8 Qc7 23. Kd1 Qxe5 24. Rf7 h6 25. hxg5 hxg5 26. Rh7 Qf6 27. Kc2 e5 28. Na3 e4 29. Be2 Qf5 30. Rh6 e3+ 31. Bd3 Qf2 32. Rd1 Nc6 33. Kc1 Ne5 34. Rh7+ Kc8 35. Rh8+ Kc7 36. Rh7+ Kb8 37. Bb1 exd2+ 38. Rxd2 Qe3 39. Kd1 Qxc3 40. Bc2 d4 41. Rh8+ Ka7 42. Rd8 d3 43. R8xd3 Nxd3 44. Rxd3 Qc5 45. Nc4 Qg1+ 46. Kd2 Qxh2+ 47. Kc3 Qc7 48. Kb2 g4 49. Rd1 g3 50. Nd6 g2 51. Nxb7 Qg7+ 52. Ka2 g1Q 53. Rxg1 Qxg1 54. Nd6 Qh2 0-1

[Event "NOR-chB"]
[Site "Oslo"]
[Date "2023.07.08"]
[Round "9"]
[White "Brattgjerd, Isak Vinh"]
[Black "Hole, Oystein"]
[Result "1/2-1/2"]
[WhiteElo "2185"]
[BlackElo "2267"]
[PlyCount "217"]
[EventDate "2023.06.30"]
[EventType "swiss"]
[EventRounds "9"]
[EventCountry "NOR"]
[SourceTitle "EXT 2024"]
[Source "ChessBase"]
[SourceDate "2023.10.10"]
[SourceVersion "1"]
[SourceVersionDate "2023.10.10"]
[SourceQuality "1"]

1. e4 c6 2. d4 d5 3. e5 c5 4. dxc5 e6 5. c3 Bxc5 6. Qg4 Bf8 7. Nf3 Nc6 8. Bd3 Nge7 9. 0-0 Ng6 10. Re1 Be7 11. b4 a6 12. Nbd2 0-0 13. Nb3 f5 14. Qg3 Qc7 15. Bf4 Bd7 16. Rac1 Rac8 17. h4 Nxf4 18. Qxf4 Qb6 19. a3 Na7 20. c4 dxc4 21. Bxc4 Bb5 22. Qd4 Rc6 23. Qxb6 Rxb6 24. Nc5 Bxc4 25. Rxc4 Rc8 26. Rd1 Bxc5 27. Rxc5 Rbc6 28. Rxc6 Nxc6 29. Rd7 Rb8 30. Kf1 h6 31. h5 f4 32. Ke2 Rf8 33. Kd3 Rf7 34. Rd6 Rf5 35. Ke4 Rxh5 36. Rxe6 Rh1 37. Rd6 Ra1 38. Rd7 Rxa3 39. Rxb7 Ra4 40. Kd5 Nxb4+ 41. Kd6 Nd3 42. e6 Nxf2 43. Rb8+ Kh7 44. e7 Ne4+ 45. Ke6 Nf6 46. Rf8 Rb4 47. Ne5 Rb7 48. Ng4 Rxe7+ 49. Kxe7 Nxg4 50. Rxf4 Ne3 51. Kf7 h5 52. g3 Kh6 53. Ra4 Kg5 54. Rxa6 Kg4 55. Rg6+ Kf3 56. Rg5 Ng4 57. Kg6 Nf6 58. Kxg7 Ne4 59. Rxh5 Nxg3 60. Ra5 Kf4 61. Kg6 Ne4 62. Rf5+ Ke3 63. Rb5 Kd4 64. Rb4+ Ke5 65. Ra4 Kd5 66. Kf5 Nd6+ 67. Kf4 Nc4 68. Rb4 Nd6 69. Ke3 Nc4+ 70. Kd3 Ne5+ 71. Kc3 Kc5 72. Rd4 Nc6 73. Rd2 Ne5 74. Kc2 Kc4 75. Kd1 Nf3 76. Rd8 Nd4 77. Kd2 Nb3+ 78. Ke3 Nc5 79. Rd4+ Kb5 80. Rd5 Kc4 81. Rd1 Nb3 82. Rd6 Nc5 83. Kf4 Nd3+ 84. Ke3 Nc5 85. Rd4+ Kb5 86. Kf3 Kc6 87. Kg4 Ne6 88. Rd1 Kc5 89. Kf5 Nd4+ 90. Ke4 Nc6 91. Rd5+ Kc4 92. Rd6 Kc5 93. Rd7 Kc4 94. Rc7 Kc5 95. Rb7 Kd6 96. Rb5 Ne7 97. Re5 Nc6 98. Rd5+ Ke6 99. Rd1 Ne7 100. Rg1 Kd6 101. Rc1 Nc6 102. Rc3 Ne7 103. Rd3+ Ke6 104. Rd8 Nc6 105. Rd5 Ne7 106. Rc5 Kd6 107. Kd4 Nc6+ 108. Kc4 Ne5+ 109. Rxe5 1/2-1/2

[Event "Kragero op"]
[Site "Kragero"]
[Date "2023.02.23"]
[Round "3"]
[White "Holand, Per Fredrik"]
[Black "Brattgjerd, Isak Vinh"]
[Result "0-1"]
[WhiteElo "2075"]
[BlackElo "1914"]
[PlyCount "74"]
[EventDate "2023.02.22"]
[EventType "swiss"]
[EventRounds "9"]
[EventCountry "NOR"]
[SourceTitle "CBM 212 Extra"]
[Source "ChessBase"]
[SourceDate "2023.03.31"]
[SourceVersion "1"]
[SourceVersionDate "2023.03.31"]
[SourceQuality "1"]

1. e4 c6 2. d4 d5 3. exd5 cxd5 4. Bd3 Nc6 5. c3 Nf6 6. Bf4 Bg4 7. Qb3 e5 8. Bxe5 Qe7 9. Ne2 0-0-0 10. f3 Bd7 11. Nd2 Nxe5 12. dxe5 Qxe5 13. 0-0-0 Bc5 14. Qc2 Kb8 15. Kb1 Rhe8 16. g4 h5 17. h3 g5 18. Rdf1 Be3 19. Re1 Bf2 20. Ref1 Be3 21. Nb3 Ba4 22. Re1 Bf2 23. Rd1 Rc8 24. Rhf1 Be3 25. Bf5 Rc7 26. Qd3 a6 27. Ned4 Qf4 28. Rde1 Rce7 29. Rd1 Qc7 30. Rh1 h4 31. Nc2 Bb5 32. c4 dxc4 33. Qc3 cxb3 34. Nxe3 Qxc3 35. bxc3 bxa2+ 36. Kxa2 Rxe3 37. Rd6 Nd5 0-1

[Event "Kragero op"]
[Site "Kragero"]
[Date "2023.02.22"]
[Round "1"]
[White "Khachatryan, Vahagn"]
[Black "Brattgjerd, Isak Vinh"]
[Result "1-0"]
[WhiteElo "2252"]
[BlackElo "1914"]
[PlyCount "139"]
[EventDate "2023.02.22"]
[EventType "swiss"]
[EventRounds "9"]
[EventCountry "NOR"]
[SourceTitle "CBM 212 Extra"]
[Source "ChessBase"]
[SourceDate "2023.03.31"]
[SourceVersion "1"]
[SourceVersionDate "2023.03.31"]
[SourceQuality "1"]

1. e4 c6 2. c4 d5 3. exd5 cxd5 4. cxd5 Nf6 5. Qa4+ Nbd7 6. Bc4 g6 7. Nc3 a6 8. Nf3 Bg7 9. d3 0-0 10. Qa3 Re8 11. 0-0 b6 12. Re1 Bb7 13. Be3 b5 14. Bb3 Nb6 15. Bxb6 Qxb6 16. Qb4 Qd6 17. Qxd6 exd6 18. a3 Rab8 19. Rab1 Ba8 20. Ne4 Red8 21. Nxf6+ Bxf6 22. g4 h6 23. h4 Re8 24. Rxe8+ Rxe8 25. g5 hxg5 26. hxg5 Bg7 27. d4 Bb7 28. Kg2 Rc8 29. Kg3 a5 30. Kf4 a4 31. Ba2 Rc2 32. Ke3 Bc8 33. Ne1 Rc7 34. Rd1 Bf5 35. Bb1 Re7+ 36. Kf3 Bxb1 37. Rxb1 Bxd4 38. Nd3 Rc7 39. b3 Rc3 40. Ke4 Bg7 41. bxa4 bxa4 42. Rb8+ Bf8 43. Nb2 Kg7 44. Rb4 Rxa3 45. Nxa4 Be7 46. f4 Rh3 47. Rb6 Rh1 48. Nc3 Re1+ 49. Kf3 Rf1+ 50. Ke3 Re1+ 51. Kf2 Ra1 52. Ne4 Ra4 53. Kf3 Rd4 54. Rb7 Bf8 55. Nf6 Rd3+ 56. Ke4 Rd1 57. Rd7 Re1+ 58. Kf3 Rd1 59. Rd8 Rf1+ 60. Kg3 Rd1 61. Re8 Rh1 62. Nd7 Rh8 63. Kf3 Rg8 64. Ke4 f5+ 65. Kd4 Kf7 66. Rxf8+ Rxf8 67. Nxf8 Kxf8 68. Kc4 Ke8 69. Kb5 Kd7 70. Kb6 1-0

[Event "NOR-ch Blitz"]
[Site "Drammen"]
[Date "2023.01.06"]
[Round "7"]
[White "Brattgjerd, Isak Vinh"]
[Black "Al Tarbosh, Ward"]
[Result "0-1"]
[WhiteElo "1914"]
[BlackElo "2238"]
[PlyCount "91"]
[EventDate "2023.01.06"]
[EventType "swiss (blitz)"]
[EventRounds "9"]
[EventCountry "NOR"]
[SourceTitle "CBM 212 Extra"]
[Source "ChessBase"]
[SourceDate "2023.03.31"]
[SourceVersion "1"]
[SourceVersionDate "2023.03.31"]
[SourceQuality "1"]

1. e4 c5 2. Nf3 Nc6 3. Bb5 e6 4. 0-0 Nge7 5. c3 a6 6. Ba4 b5 7. Bc2 d5 8. d4 cxd4 9. cxd4 Nb4 10. Bf4 Nxc2 11. Qxc2 Bb7 12. Nbd2 Rc8 13. Qd3 dxe4 14. Nxe4 Nd5 15. Be5 Nb4 16. Qe2 Rc2 17. Qe3 Qd5 18. Nc3 Qd7 19. a3 Nd5 20. Qd3 Rxb2 21. Nd1 f6 22. Bg3 Bxa3 23. Qxa3 Rb4 24. Ne3 Nxe3 25. Qxb4 Nxf1 26. Rxf1 Bxf3 27. gxf3 Kf7 28. Rc1 Rc8 29. Rxc8 Qxc8 30. Qa5 g5 31. h4 h6 32. hxg5 hxg5 33. Qb6 Kg6 34. Kg2 Kf7 35. f4 g4 36. Qd6 Qb7+ 37. Kg1 b4 38. f5 exf5 39. d5 b3 40. Bh4 Qe7 41. Qb6 Qe1+ 42. Kg2 Qe4+ 43. Kg1 Qe1+ 44. Kg2 Qe4+ 45. Kg1 Qxd5 46. Qxf6+ 0-1

[Event "Helsingor Kronborg Master-3"]
[Site "Helsingor"]
[Date "2022.05.26"]
[Round "7"]
[White "Brattgjerd, Isak Vinh"]
[Black "Jonsson, Gauti Pall"]
[Result "1-0"]
[WhiteElo "2039"]
[BlackElo "2065"]
[PlyCount "97"]
[EventDate "2022.05.26"]
[EventType "tourn"]
[EventRounds "7"]
[EventCountry "DEN"]
[SourceTitle "CBM 208 Extra"]
[Source "ChessBase"]
[SourceDate "2022.07.31"]
[SourceVersion "1"]
[SourceVersionDate "2022.07.31"]
[SourceQuality "1"]

1. d4 Nf6 2. Nc3 d5 3. Bf4 e6 4. e3 Bb4 5. Bd3 c5 6. dxc5 Nbd7 7. Nge2 Nxc5 8. a3 Bxc3+ 9. Nxc3 Bd7 10. 0-0 Nxd3 11. cxd3 d4 12. exd4 Bc6 13. Be5 0-0 14. Qe2 Qe7 15. Rac1 Rfd8 16. Rfe1 Rd7 17. b4 Rad8 18. b5 Bd5 19. Qb2 Ne8 20. Bf4 Qh4 21. Be3 Qg4 22. Ne4 b6 23. f3 Qg6 24. Rc3 Bb7 25. Rec1 f5 26. Ng5 h6 27. Nh3 Qf7 28. Rc4 g5 29. f4 g4 30. Nf2 Nf6 31. Nd1 Nd5 32. Qf2 Qf6 33. Bd2 h5 34. g3 Qe7 35. a4 Qd6 36. Qe2 h4 37. Qe5 hxg3 38. hxg3 Qe7 39. a5 bxa5 40. Bxa5 Re8 41. Nf2 Qh7 42. Kf1 Qh2 43. Rc6 Bxc6 44. bxc6 Rh7 45. c7 Nxc7 46. Rxc7 Qxg3 47. Qf6 Rxc7 48. Bxc7 Ra8 49. Qg6+ 1-0

[Event "EU-ch Online U12"]
[Site "Tornelo INT"]
[Date "2020.09.20"]
[Round "7"]
[White "Brattgjerd, Isak Vinh"]
[Black "Kozlovic, Jernej"]
[Result "0-1"]
[WhiteElo "1641"]
[BlackElo "1418"]
[PlyCount "90"]
[EventDate "2020.09.18"]
[EventType "swiss (rapid)"]
[EventRounds "9"]
[EventCountry "NET"]
[SourceTitle "EXT 2023"]
[Source "ChessBase"]
[SourceDate "2022.10.05"]
[SourceVersion "1"]
[SourceVersionDate "2022.10.05"]
[SourceQuality "1"]
[WhiteTeam "Norway"]
[BlackTeam "Slovenia"]
[WhiteTeamCountry "NOR"]
[BlackTeamCountry "SLO"]

1. d4 Nf6 2. Nc3 d5 3. Bf4 Bf5 4. f3 e6 5. g4 Bg6 6. h4 h5 7. g5 Nfd7 8. e3 a6 9. Bd3 Bxd3 10. cxd3 c5 11. dxc5 Bxc5 12. d4 Bb4 13. Nge2 Nc6 14. Kf2 0-0 15. a3 Ba5 16. Bd6 Ne7 17. Nf4 g6 18. Rc1 Rc8 19. b4 Bc7 20. Bxc7 Rxc7 21. Nd3 Nb6 22. Nc5 Nc4 23. Qb3 Qa8 24. N3a4 Nc8 25. Nb2 b6 26. Ncd3 N8d6 27. Ne5 Rfc8 28. Rhd1 Nd2 29. Rxd2 Rxc1 30. Qd3 R8c3 31. Qe2 Rxa3 32. Nbd3 Rh1 33. Kg2 Raa1 34. Ne1 Raxe1 35. Qf2 Nf5 36. Nd7 Nxe3+ 37. Qxe3 Rxe3 38. Kxh1 Qc6 39. Nf6+ Kh8 40. Kg2 Qc1 41. Ra2 Qc4 42. Ra1 Qe2+ 43. Kg1 Rxf3 44. Rc1 Qf2+ 45. Kh1 Rh3# 0-1

[Event "EU-ch Online U12"]
[Site "Tornelo INT"]
[Date "2020.09.20"]
[Round "8"]
[White "Dotzer, Lukas"]
[Black "Brattgjerd, Isak Vinh"]
[Result "1-0"]
[WhiteElo "1408"]
[BlackElo "1641"]
[PlyCount "109"]
[EventDate "2020.09.18"]
[EventType "swiss (rapid)"]
[EventRounds "9"]
[EventCountry "NET"]
[SourceTitle "EXT 2023"]
[Source "ChessBase"]
[SourceDate "2022.10.05"]
[SourceVersion "1"]
[SourceVersionDate "2022.10.05"]
[SourceQuality "1"]
[WhiteTeam "Austria"]
[BlackTeam "Norway"]
[WhiteTeamCountry "AUT"]
[BlackTeamCountry "NOR"]

1. e4 d6 2. d4 Nf6 3. Nc3 Nbd7 4. Bc4 e5 5. Nf3 Be7 6. Bxf7+ Kxf7 7. Ng5+ Kg8 8. Ne6 Qe8 9. Nxc7 Qg6 10. Nxa8 Qxg2 11. Rf1 exd4 12. Qxd4 Ne5 13. f4 Nfg4 14. Qd5+ Nf7 15. Qc4 Bh4+ 16. Kd1 Nf2+ 17. Rxf2 Bg4+ 18. Re2 Qf1+ 19. Kd2 Be1+ 20. Kd3 d5 21. Qxd5 Bxc3 22. Kxc3 Qxe2 23. Qd3 Qe1+ 24. Kb3 Be6+ 25. c4 b5 26. Kc2 bxc4 27. Qd4 Bg4 28. Nc7 h6 29. Ne8 Qe2+ 30. Bd2 Qd3+ 31. Qxd3 cxd3+ 32. Kxd3 Kh7 33. Nc7 Rc8 34. Nd5 Nd6 35. Nc3 Nc4 36. Rg1 Be6 37. Kc2 Bd7 38. b3 Nxd2 39. Kxd2 g6 40. Nd5 Bc6 41. Ke3 Rd8 42. Kd4 Kg7 43. Rc1 Bxd5 44. exd5 Rf8 45. Rc7+ Kf6 46. Rxa7 Kf5 47. Re7 Kxf4 48. d6 Kf5 49. Kd5 Rd8 50. Rf7+ Kg5 51. Kc6 Ra8 52. d7 h5 53. Kb7 Rg8 54. Kc7 Ra8 55. d8Q+ 1-0

[Event "Skien-ch U20"]
[Site "Skien"]
[Date "2019.11.09"]
[Round "3"]
[White "Waage, Oline Sundby"]
[Black "Brattgjerd, Isak Vinh"]
[Result "0-1"]
[WhiteElo "1247"]
[BlackElo "1699"]
[PlyCount "104"]
[EventDate "2019.11.08"]
[EventType "swiss"]
[EventRounds "7"]
[EventCountry "NOR"]
[SourceTitle "CBM 193 Extra"]
[Source "ChessBase"]
[SourceDate "2020.01.31"]
[SourceVersion "1"]
[SourceVersionDate "2020.01.31"]
[SourceQuality "1"]

1. e4 c5 2. Nf3 d6 3. Bc4 Nf6 4. d3 e6 5. Nc3 d5 6. Bb5+ Bd7 7. Bxd7+ Nbxd7 8. Bg5 Be7 9. Qd2 h6 10. Bxf6 Nxf6 11. 0-0 0-0 12. h3 Qc7 13. Rfe1 Rfe8 14. a4 Rad8 15. Qe2 Qb6 16. b3 a6 17. a5 Qc7 18. Qd2 c4 19. exd5 exd5 20. Rec1 Bb4 21. d4 Ne4 22. Nxd5 Bxd2 23. Nxc7 Re7 24. Nxd2 Nxd2 25. Rd1 c3 26. Nxa6 bxa6 27. Ra4 Red7 28. Re1 Rxd4 29. Rxd4 Rxd4 30. Re8+ Kh7 31. Ra8 Rd6 32. Rb8 Rd5 33. b4 Nc4 34. b5 Rxb5 35. Rxb5 axb5 36. a6 Kg6 37. a7 Nb6 38. Kf1 Kf5 39. Ke2 Ke4 40. Kd1 Kd4 41. Kc1 Kc4 42. g3 g5 43. g4 b4 44. Kb1 b3 45. cxb3+ Kxb3 46. Kc1 c2 47. f3 Kc3 48. a8Q Nxa8 49. h4 gxh4 50. g5 h3 51. gxh6 h2 52. h7 h1Q# 0-1

[Event "NOR-ch U12"]
[Site "Larvik"]
[Date "2019.07.13"]
[Round "9"]
[White "Brattgjerd, Isak Vinh"]
[Black "Stromhaug, Kristoffer Wang"]
[Result "1/2-1/2"]
[WhiteElo "1571"]
[BlackElo "1566"]
[PlyCount "52"]
[EventDate "2019.07.05"]
[EventType "swiss"]
[EventRounds "9"]
[EventCountry "NOR"]
[SourceTitle "EXT 2024"]
[Source "ChessBase"]
[SourceDate "2023.10.10"]
[SourceVersion "1"]
[SourceVersionDate "2023.10.10"]
[SourceQuality "1"]

1. d4 d5 2. Bf4 Bf5 3. e3 e6 4. Bd3 Bg6 5. Nf3 c5 6. c3 Nf6 7. 0-0 Nc6 8. Bxg6 hxg6 9. Nbd2 a6 10. c4 cxd4 11. exd4 Bd6 12. Bg3 Bxg3 13. hxg3 dxc4 14. Nxc4 b5 15. Nce5 Nxe5 16. dxe5 Nd5 17. Rc1 0-0 18. Qe2 Qb6 19. Rfd1 Rac8 20. Qe4 Ne7 21. Ng5 Nf5 22. g4 Nh6 23. Rxc8 Rxc8 24. g3 Qc7 25. Qd4 Qe7 26. Qf4 Rc4 1/2-1/2